000 00500nam a2200193 a 4500
001 1644
005 20180713181659.0
008 140415s1985 mx 000 0 spa d
041 _aspa
082 _a658.88
_bETT
100 1 _aETTIGER, RICHARD P.
245 1 0 _aCREDITOS Y COBRANZAS
250 _a1a ed.
260 _aMEXICO :
_bCECSA,
_c1985
300 _a460
650 1 4 _aADMINISTRACION DE CREDITOS
700 1 _aWALLBERG, ENRIQUE
_etr.
700 1 _aGOLIEB, DAVID E.
_ecoaut.
999 _c1644
_d1644